Modificaciones propuestas a la medición de pasivos dentro del alcance de la NIC 37 (Registro nro. 9324)
[ vista simple ]
| 000 -LEADER | |
|---|---|
| fixed length control field | 00376 a2200109 4500 |
| 001 - CONTROL NUMBER | |
| control field | ART_8268 |
| 005 - DATE AND TIME OF LATEST TRANSACTION | |
| control field | 20260410161557.0 |
| 008 - FIXED-LENGTH DATA ELEMENTS--GENERAL INFORMATION | |
| fixed length control field | 260409a |
| 100 1# - MAIN ENTRY--PERSONAL NAME | |
| Personal name | Subelet, Carlos Javier |
| 245 10 - TITLE STATEMENT | |
| Title | Modificaciones propuestas a la medición de pasivos dentro del alcance de la NIC 37 |
| 773 0# - HOST ITEM ENTRY | |
| Title | Profesional & Empresaria |
| Related parts | - Año XII, Nº 129 (jun. 2010) |
| Record control number | REV70 |
No hay ítems disponibles.